Effectif Manchester City saison 2024/2025 - Statistiques

Statistiques générales
  • Ce quiz a été pris 9 799 fois
    1 943 depuis la dernière actualisation
  • Le résultat moyen est 17 sur 26
Statistiques - réponses
Hint Réponse % Correct
D Joško Gvardiol
97%
A Erling Haaland
96%
G Ederson
95%
Coach Josep Guardiola
89%
M Kevin De Bruyne
89%
A Phil Foden
85%
D Ruben Dias
84%
M Bernardo Silva
80%
D Kyle Walker
80%
M Rodri
80%
A Jérémy Doku
77%
D Nathan Aké
77%
A Jack Grealish
75%
D John Stones
75%
D Manuel Akanji
72%
G Stefan Ortega Moreno
71%
D Rico Lewis
69%
A Savinho
68%
M İlkay Gündoğan
62%
M Mateo Kovačić
59%
M Matheus Nunes
47%
G Scott Carson
47%
A Oscar Bobb
42%
M James McAtee
28%
D Josh Wilson-Esbrand
4%
D Issa Kaboré
3%
Aucun quiz correspondant
Distribution des résultats
% des personnes avec chaque résultat
Percentile par nombre de réponses
Votre historique - résultats
Vous n’avez pas pris ce quiz depuis la dernière actualisation